Úplné znenie zákona o správe daní (daňový poriadok)

Zákon č. 563/2009 Z.z. v znení ďalších zákonov ... a zákona č. 440/2012 Z.z.

Na minha lista:
Detalhes bibliográficos
Formato: Capítulo de Livro
Idioma:eslovaco
Assuntos:
Tags: Adicionar Tag
Sem tags, seja o primeiro a adicionar uma tag!

MARC

LEADER 00000naa a2200000 4500
001 0165754
005 20231114103149.9
041 0 |a slo 
044 |a SK 
245 1 0 |a Úplné znenie zákona o správe daní (daňový poriadok) 
520 |a Zákon č. 563/2009 Z.z. v znení ďalších zákonov ... a zákona č. 440/2012 Z.z. 
610 2 0 |a dane 
610 2 0 |a správa daňová 
610 2 0 |a právo daňové 
610 2 0 |a zákony 
610 2 0 |a Slovensko 
610 2 0 |a 2009-2012